Every One Syllable Bird Type - Statistics

General Stats
  • This quiz has been taken 47 times
  • The average score is 15 of 44
Answer Stats
Answer % Correct
crow
97%
hawk
78%
duck
72%
goose
72%
dove
66%
owl
66%
swan
66%
finch
63%
tit
63%
wren
63%
gull
59%
jay
59%
quail
50%
auk
47%
crane
47%
loon
47%
kite
41%
lark
41%
rook
41%
tern
38%
stork
34%
grouse
28%
shrike
28%
rail
25%
swift
25%
thrush
25%
coot
19%
grebe
19%
snipe
16%
chat
13%
crake
13%
teal
13%
smew
9%
stilt
9%
twite
9%
guan
6%
murre
6%
ruff
6%
stint
6%
brant
3%
knot
3%
scaup
3%
shaf
3%
sylph
3%
No matching quizzes found
Score Distribution
Percent of People with Each Score
Percentile by Number Answered
Your Score History
You have not taken this quiz